Comuni della Provincia di Firenze (con mappa) - Statistics

Statistiche generali
  • Questo quiz è stato fatto 61 volte
  • Il punteggio medio è 20 su 41
Risposte nella Mappa
Le risposte nella mappa del quiz sottostante sono codificate secondo una scala di colori dal rosso al verde in base alla % di persone che hanno risposto correttamente.
 
Statistiche sulle risposte
Risposta % Corretto
Firenze
97%
Scandicci
88%
Sesto Fiorentino
85%
Empoli
79%
Fiesole
76%
Bagno a Ripoli
73%
Campi Bisenzio
73%
Signa
73%
Lastra a Signa
70%
Fucecchio
64%
Impruneta
61%
Vinci
61%
Barberino di Mugello
58%
Calenzano
58%
Pontassieve
58%
Borgo San Lorenzo
52%
Figline e Incisa Valdarno
52%
Firenzuola
52%
Montespertoli
48%
Castelfiorentino
45%
Greve in Chianti
45%
Montelupo Fiorentino
45%
San Casciano in Val di Pesa
45%
Barberino Tavarnelle
42%
Scarperia e San Piero
39%
Marradi
36%
Reggello
36%
Capraia e Limite
33%
Dicomano
33%
Pelago
33%
Rignano sull'Arno
33%
Rufina
33%
Vaglia
33%
Vicchio
33%
Cerreto Guidi
30%
Certaldo
30%
Gambassi Terme
30%
Montaione
30%
Londa
27%
San Godenzo
27%
Palazzuolo sul Senio
24%
Nessun quiz corrispondente trovato
Distribuzione punteggi
Percentuale di utenti per punteggio
Percentile per numero di risposta
I tuoi punteggi nel tempo
Non hai fatto questo quiz